| 000 | 00419nam a22001697a 4500 | ||
|---|---|---|---|
| 003 | NUST - PNEC | ||
| 005 | 20170116181117.0 | ||
| 008 | 151004b xxu||||| |||| 00| 0 eng d | ||
| 020 | _a9693500849 | ||
| 040 | _cLIBRARY | ||
| 082 | _a891.4393 QUD | ||
| 100 |
_913257 _aQudsia, Bano |
||
| 245 |
_a Kuch Aur Nahi _cBano Qudsia |
||
| 260 | _cc.2004 | ||
| 650 |
_913259 _aShort stories, Urdu _xGeneral |
||
| 942 |
_2ddc _cBK |
||
| 999 |
_c69368 _d69368 |
||